[Event "Pfalz op-B 11th"]
[Site "Neustadt an der Weinstrasse"]
[Date "2020.02.24"]
[Round "6"]
[White "Wieber, Dominik"]
[Black "Preuss, Julian"]
[Result "0-1"]
[WhiteElo "1797"]
[BlackElo "1697"]
[PlyCount "62"]
[EventDate "2020.02.21"]
[EventType "swiss"]
[EventRounds "7"]
[EventCountry "GER"]
[SourceTitle "CBM 195 Extra"]
[Source "ChessBase"]
[SourceDate "2020.05.31"]
[SourceVersion "1"]
[SourceVersionDate "2020.05.31"]
[SourceQuality "1"]

1. e4 e5 2. Nf3 Nc6 3. Nc3 Nf6 4. Bb5 Bb4 5. d3 d6 6. Bg5 0-0 7. 0-0 Bxc3 8. bxc3 Qe7 9. Nd2 Nd8 10. f4 exf4 11. Rxf4 Qe5 12. Nf3 Qxb5 13. Bxf6 gxf6 14. Rxf6 Qh5 15. Qd2 Kg7 16. Rf4 Bg4 17. Nd4 Ne6 18. Nf5+ Bxf5 19. Rxf5 Qg6 20. d4 f6 21. h4 Qg4 22. d5 Qxe4 23. Raf1 Nc5 24. R1f4 Qe7 25. Rg4+ Kh8 26. Rg3 Rae8 27. Qh6 Qf7 28. Rgf3 Nd7 29. h5 Qg7 30. Qd2 Re5 31. g4 Rxf5 0-1

[Event "Rheinland Pfalz op 10th"]
[Site "Nickenich"]
[Date "2018.05.03"]
[Round "7"]
[White "Wieber, Dominik"]
[Black "Cornelius, Jorg"]
[Result "0-1"]
[WhiteElo "1790"]
[BlackElo "2011"]
[PlyCount "74"]
[EventDate "2018.05.31"]
[EventType "swiss"]
[EventRounds "7"]
[EventCountry "GER"]
[SourceTitle "EXT 2019"]
[Source "ChessBase"]
[SourceDate "2018.10.10"]
[SourceVersion "1"]
[SourceVersionDate "2018.10.10"]
[SourceQuality "1"]

1. e4 Nf6 2. e5 Nd5 3. c4 Nb6 4. d4 d6 5. Nc3 dxe5 6. dxe5 Qxd1+ 7. Nxd1 Nc6 8. f4 g5 9. g3 Bf5 10. Bg2 Nxc4 11. Ne3 Nxe3 12. Bxe3 Nb4 13. Rc1 Nd3+ 14. Kd2 Nxc1 15. Bxb7 Rb8 16. Bc6+ Bd7 17. Bxd7+ Kxd7 18. Kxc1 gxf4 19. Bxa7 fxg3 20. hxg3 Ra8 21. Bd4 e6 22. a3 c5 23. Bc3 Ra4 24. Ne2 Be7 25. Kc2 Bg5 26. Nc1 Bxc1 27. Rxc1 Rg8 28. Rf1 Ke8 29. Rf3 Rag4 30. Be1 Re4 31. Bc3 c4 32. a4 Re2+ 33. Kb1 Rg2 34. Be1 Rg4 35. Ka2 c3 36. Rxc3 Rxa4+ 37. Kb3 Re4 0-1

[Event "Pfalz op-B 9th"]
[Site "Neustadt an der Weinstrasse"]
[Date "2018.02.12"]
[Round "6"]
[White "Wieber, Dominik"]
[Black "Ley, Sabrina"]
[Result "1-0"]
[WhiteElo "1794"]
[BlackElo "1853"]
[PlyCount "65"]
[EventDate "2018.02.09"]
[EventType "swiss"]
[EventRounds "7"]
[EventCountry "GER"]
[SourceTitle "CBM 182 Extra"]
[Source "ChessBase"]
[SourceDate "2018.02.23"]
[SourceVersion "1"]
[SourceVersionDate "2018.02.23"]
[SourceQuality "1"]

1. e4 c5 2. Nf3 d6 3. c3 Nf6 4. Bc4 Nc6 5. d3 g6 6. h3 Bg7 7. Be3 0-0 8. 0-0 a6 9. a3 b5 10. Ba2 h6 11. Nbd2 Bb7 12. Rc1 Rc8 13. Nh4 Kh7 14. f4 e6 15. Nhf3 Qe7 16. Qe2 Rfd8 17. g4 Nd7 18. g5 h5 19. Nh4 Re8 20. f5 Qd8 21. fxg6+ fxg6 22. Ndf3 d5 23. Nxg6 d4 24. Nfh4 dxe3 25. Qxh5+ Kg8 26. Nf5 e2 27. Nxg7 exf1Q+ 28. Rxf1 Nf6 29. Rxf6 Qxf6 30. gxf6 c4 31. Nxe8 Rxe8 32. Qh8+ Kf7 33. Qg7# 1-0

[Event "Rheinland Pfalz op 9th"]
[Site "Lambsheim"]
[Date "2017.06.17"]
[Round "6"]
[White "Wieber, Dominik"]
[Black "Spadea, Fabrizio"]
[Result "0-1"]
[WhiteElo "1818"]
[BlackElo "1614"]
[PlyCount "111"]
[EventDate "2017.06.15"]
[EventType "swiss"]
[EventRounds "7"]
[EventCountry "GER"]
[SourceTitle "CBM 178 Extra"]
[Source "ChessBase"]
[SourceDate "2017.06.22"]
[SourceVersion "1"]
[SourceVersionDate "2017.06.22"]
[SourceQuality "1"]

1. e4 d6 2. d4 Nf6 3. Bd3 g6 4. h3 Bg7 5. Nf3 c6 6. 0-0 0-0 7. c4 Qc7 8. Nc3 e5 9. d5 a6 10. a4 a5 11. Rb1 Na6 12. Be3 Nd7 13. Nd2 Ndc5 14. Bc2 Nb4 15. Nb3 Nxc2 16. Qxc2 Nd7 17. dxc6 bxc6 18. c5 dxc5 19. Nxc5 Nb8 20. Rfd1 Qe7 21. Nb3 Qh4 22. f3 f5 23. Qf2 Qxf2+ 24. Bxf2 Nd7 25. Rd6 fxe4 26. Nxe4 Nf6 27. Nbc5 Nxe4 28. Nxe4 Bf5 29. Rxc6 Bxe4 30. fxe4 Rf4 31. Rc4 Rf7 32. Rbc1 Bh6 33. Rc8+ Rf8 34. Rxa8 Rxa8 35. Rc5 Bf8 36. Rxe5 Bb4 37. Bc5 Bd2 38. Rd5 Bf4 39. Bb6 Rf8 40. Rd8 Be3+ 41. Bxe3 Rxd8 42. Kf2 Rb8 43. Bd4 Rb4 44. Ke3 Rxa4 45. Kf3 Kf7 46. h4 Ra1 47. g3 a4 48. Kg4 Rc1 49. Be5 Ke7 50. Bg7 Re1 51. Kf3 Kd6 52. Bf8+ Kc6 53. Bg7 Kb5 54. Bc3 Rc1 55. Bg7 Kc4 56. Bf8 0-1

[Event "Rheinland Pfalz op 9th"]
[Site "Lambsheim"]
[Date "2017.06.16"]
[Round "4"]
[White "Wieber, Dominik"]
[Black "Hain, Guenter"]
[Result "1/2-1/2"]
[WhiteElo "1818"]
[BlackElo "1980"]
[PlyCount "95"]
[EventDate "2017.06.15"]
[EventType "swiss"]
[EventRounds "7"]
[EventCountry "GER"]
[SourceTitle "CBM 178 Extra"]
[Source "ChessBase"]
[SourceDate "2017.06.22"]
[SourceVersion "1"]
[SourceVersionDate "2017.06.22"]
[SourceQuality "1"]

1. e4 d5 2. exd5 Nf6 3. Nc3 Nxd5 4. Nxd5 Qxd5 5. Qf3 Qd8 6. Bc4 e6 7. d3 Nc6 8. Ne2 Ne5 9. Qe4 Nxc4 10. Qxc4 Bd6 11. d4 Qf6 12. Bd2 Bd7 13. h4 Bc6 14. f3 Qf5 15. a4 0-0 16. Rf1 Bd5 17. Qc3 Rfc8 18. g4 Qf6 19. Bg5 Qg6 20. Nf4 Bxf4 21. Bxf4 h5 22. 0-0-0 Bc6 23. Rg1 Qf6 24. Be5 Qxf3 25. gxh5 f6 26. Qxf3 Bxf3 27. Rdf1 fxe5 28. Rxf3 exd4 29. h6 Rf8 30. Rxg7+ Kh8 31. Rxf8+ Rxf8 32. Rxc7 Rf6 33. h7 e5 34. Re7 Rf4 35. Rxe5 Rxh4 36. Re7 a5 37. Rxb7 d3 38. cxd3 Rxa4 39. Kc2 Rh4 40. Ra7 a4 41. Kc3 Rg4 42. Re7 a3 43. bxa3 Rc4+ 44. Kd2 Rc2+ 45. Ke1 Rc1+ 46. Kf2 Rf1+ 47. Kg3 Rf3+ 48. Kxf3 1/2-1/2

[Event "Rheinland Pfalz op 9th"]
[Site "Lambsheim"]
[Date "2017.06.15"]
[Round "1"]
[White "Wieber, Dominik"]
[Black "Chernov, Vadim A"]
[Result "0-1"]
[WhiteElo "1818"]
[BlackElo "2417"]
[PlyCount "76"]
[EventDate "2017.06.15"]
[EventType "swiss"]
[EventRounds "7"]
[EventCountry "GER"]
[SourceTitle "CBM 178 Extra"]
[Source "ChessBase"]
[SourceDate "2017.06.22"]
[SourceVersion "1"]
[SourceVersionDate "2017.06.22"]
[SourceQuality "1"]

1. e4 c5 2. Nf3 e6 3. c3 Nf6 4. e5 Nd5 5. d4 cxd4 6. cxd4 d6 7. Nc3 Nxc3 8. bxc3 Qc7 9. Bd2 Nd7 10. exd6 Bxd6 11. Bd3 b6 12. Ng5 Bb7 13. Be4 Bxe4 14. Nxe4 0-0 15. h3 Rac8 16. 0-0 Bh2+ 17. Kh1 Bf4 18. Rc1 h6 19. Qf3 Bxd2 20. Nxd2 Qd6 21. Rfd1 Nf6 22. Ne4 Nxe4 23. Qxe4 Rc4 24. Rd3 Re8 25. f4 b5 26. Rb1 Qa6 27. f5 Rc6 28. fxe6 Rcxe6 29. Qf5 g6 30. Qxb5 Re1+ 31. Kh2 Qd6+ 32. g3 R1e2+ 33. Kg1 Qe6 34. Rf3 Qxa2 35. Rxf7 a6 36. Qd3 Kxf7 37. Rf1+ Kg7 38. Qf3 Qe6 0-1

[Event "GER-ch U25-A"]
[Site "Willingen"]
[Date "2017.06.08"]
[Round "7"]
[White "Teschler, Ansgar"]
[Black "Wieber, Dominik"]
[Result "0-1"]
[WhiteElo "1595"]
[BlackElo "1806"]
[PlyCount "64"]
[EventDate "2017.06.04"]
[EventType "swiss"]
[EventRounds "9"]
[EventCountry "GER"]
[SourceTitle "CBM 178 Extra"]
[Source "ChessBase"]
[SourceDate "2017.06.22"]
[SourceVersion "1"]
[SourceVersionDate "2017.06.22"]
[SourceQuality "1"]

1. d4 d5 2. c4 c6 3. Nf3 Nf6 4. Nc3 e6 5. Bg5 g6 6. e4 dxe4 7. Nxe4 Bg7 8. Be2 Qa5+ 9. Bd2 Qc7 10. Qc2 Nxe4 11. Qxe4 Nd7 12. 0-0 Nf6 13. Qh4 h6 14. Rfe1 g5 15. Bxg5 hxg5 16. Qxg5 Kf8 17. Ne5 Nd7 18. f4 Nxe5 19. fxe5 Qe7 20. Qxe7+ Kxe7 21. Bf3 Bd7 22. Re2 Rad8 23. Rd1 Bc8 24. c5 Rd7 25. Re4 Rhd8 26. Kf2 b6 27. b4 bxc5 28. bxc5 Rb7 29. Rg4 Rb2+ 30. Kg3 Bh8 31. Bxc6 Bxe5+ 32. Kf3 Ba6 0-1

[Event "GER-ch U25-A"]
[Site "Willingen"]
[Date "2016.05.21"]
[Round "9"]
[White "Nguyen, Ha Thanh"]
[Black "Wieber, Dominik"]
[Result "1/2-1/2"]
[WhiteElo "1704"]
[BlackElo "1855"]
[PlyCount "48"]
[EventDate "2016.05.15"]
[EventType "swiss"]
[EventRounds "9"]
[EventCountry "GER"]
[SourceTitle "CBM 172 Extra"]
[Source "ChessBase"]
[SourceDate "2016.06.21"]
[SourceVersion "1"]
[SourceVersionDate "2016.06.21"]
[SourceQuality "1"]

1. e4 e5 2. Nf3 Nc6 3. Bc4 Bc5 4. c3 d6 5. 0-0 Nf6 6. d3 Be6 7. Bb3 h6 8. Nbd2 0-0 9. h3 Bb6 10. Re1 Re8 11. Nf1 d5 12. exd5 Bxd5 13. N3h2 Bxb3 14. axb3 Qd7 15. Qf3 Rad8 16. Bxh6 Qxd3 17. Bg5 Qxf3 18. Nxf3 Rd6 19. b4 Nd5 20. N3d2 f6 21. Bh4 Nf4 22. Ne4 Rde6 23. Rad1 Kf7 24. Rd2 R6e7 1/2-1/2

[Event "GER-ch U25-A"]
[Site "Willingen"]
[Date "2016.05.17"]
[Round "4"]
[White "Wieber, Dominik"]
[Black "Knudsen, Simon"]
[Result "1/2-1/2"]
[WhiteElo "1855"]
[BlackElo "1907"]
[PlyCount "71"]
[EventDate "2016.05.15"]
[EventType "swiss"]
[EventRounds "9"]
[EventCountry "GER"]
[SourceTitle "CBM 172 Extra"]
[Source "ChessBase"]
[SourceDate "2016.06.21"]
[SourceVersion "1"]
[SourceVersionDate "2016.06.21"]
[SourceQuality "1"]

1. e4 c5 2. Nf3 d6 3. b3 e5 4. Bb2 Nc6 5. Be2 Nf6 6. d3 g6 7. Nbd2 Bg7 8. 0-0 0-0 9. Nc4 Nh5 10. Ne3 Nf4 11. Re1 f5 12. Bf1 Nd4 13. Nxd4 cxd4 14. Nc4 fxe4 15. dxe4 Qg5 16. Kh1 Bg4 17. f3 Nh3 18. Qd2 Qh4 19. gxh3 Bh6 20. hxg4 Bxd2 21. Nxd2 Rac8 22. Bc4+ Kg7 23. a4 h5 24. Rg1 hxg4 25. Rxg4 Qh5 26. Rag1 Rf6 27. R1g2 a6 28. f4 Rxf4 29. Rxf4 exf4 30. Bxd4+ Kh7 31. Be2 Qa5 32. c3 Rxc3 33. Bxc3 Qxc3 34. Bc4 Qc1+ 35. Nf1 Qb1 36. Kg1 1/2-1/2

[Event "GER-ch U25-A"]
[Site "Willingen"]
[Date "2016.05.15"]
[Round "2"]
[White "Wieber, Dominik"]
[Black "Fromm, Johannes"]
[Result "1/2-1/2"]
[WhiteElo "1855"]
[BlackElo "1467"]
[PlyCount "52"]
[EventDate "2016.05.15"]
[EventType "swiss"]
[EventRounds "9"]
[EventCountry "GER"]
[SourceTitle "CBM 172 Extra"]
[Source "ChessBase"]
[SourceDate "2016.06.21"]
[SourceVersion "1"]
[SourceVersionDate "2016.06.21"]
[SourceQuality "1"]

1. e4 c5 2. Nf3 Nc6 3. b3 Nf6 4. e5 Nd5 5. Bb2 e6 6. Na3 Be7 7. g3 f6 8. c4 Nc7 9. Bd3 0-0 10. Qc2 h6 11. Bh7+ Kh8 12. Nh4 f5 13. Ng6+ Kxh7 14. Nxf8+ Qxf8 15. 0-0-0 Nb4 16. Qb1 b6 17. f3 Bb7 18. Rdf1 Rd8 19. Rhg1 d6 20. exd6 Rxd6 21. g4 Nd3+ 22. Kd1 Nxb2+ 23. Qxb2 Bg5 24. Nb1 Rd4 25. Qc2 Na6 26. a3 Kh8 1/2-1/2

[Event "Rheinland Pfalz op 7th"]
[Site "Frankenthal"]
[Date "2015.06.06"]
[Round "6"]
[White "Neuner, Johannes"]
[Black "Wieber, Dominik"]
[Result "1/2-1/2"]
[WhiteElo "2019"]
[BlackElo "1851"]
[PlyCount "60"]
[EventDate "2015.06.04"]
[EventType "swiss"]
[EventRounds "7"]
[EventCountry "GER"]
[SourceTitle "EXT 2017"]
[Source "ChessBase"]
[SourceDate "2016.10.25"]
[SourceVersion "1"]
[SourceVersionDate "2016.10.25"]
[SourceQuality "1"]

1. d4 d5 2. Bf4 Nf6 3. e3 Bf5 4. c4 c6 5. Qb3 Qb6 6. Nc3 Nbd7 7. c5 Qxb3 8. axb3 e6 9. Nf3 Nh5 10. Bg5 h6 11. Bf4 Nxf4 12. exf4 Be7 13. Kd2 0-0 14. Bd3 Bf6 15. h3 Bxd3 16. Kxd3 g6 17. b4 Rfb8 18. b5 Bg7 19. Ra2 a6 20. Rha1 Nf6 21. bxc6 bxc6 22. Ne5 Nh5 23. Nxc6 Nxf4+ 24. Ke3 Nxg2+ 25. Kf3 Nh4+ 26. Kg4 g5 27. Nxb8 Rxb8 28. Ne2 Rb3 29. c6 f5+ 30. Kh5 Rxh3 1/2-1/2

[Event "GER-ch U25 op-A"]
[Site "Willingen"]
[Date "2015.05.28"]
[Round "7"]
[White "Zesewitz, Maik"]
[Black "Wieber, Dominik"]
[Result "0-1"]
[WhiteElo "1628"]
[BlackElo "1778"]
[PlyCount "74"]
[EventDate "2015.05.24"]
[EventType "swiss"]
[EventRounds "9"]
[EventCountry "GER"]
[SourceTitle "CBM 166 Extra"]
[Source "ChessBase"]
[SourceDate "2015.06.18"]
[SourceVersion "1"]
[SourceVersionDate "2015.06.18"]
[SourceQuality "1"]

1. f4 d5 2. Nf3 Nf6 3. e3 g6 4. Be2 Bg7 5. 0-0 b6 6. d3 Bb7 7. Nbd2 c5 8. Ne5 d4 9. e4 Nbd7 10. Ndf3 Nxe5 11. Nxe5 Nd7 12. Ng4 f5 13. exf5 gxf5 14. Ne5 Nxe5 15. fxe5 0-0 16. Bf4 e6 17. Rf3 Bxf3 18. Bxf3 Rc8 19. Qe1 Kh8 20. Qg3 Rg8 21. Bg5 Qc7 22. Bf4 Bh6 23. Qh4 Bxf4 24. Qxf4 Qg7 25. Rf1 Qg5 26. Qxg5 Rxg5 27. h3 h6 28. b3 Kg8 29. Re1 Kf7 30. a4 Rc7 31. Kf2 a6 32. h4 Rg8 33. Bh5+ Ke7 34. Ra1 Ra8 35. Bf3 Raa7 36. Rh1 b5 37. Ra1 c4 0-1

[Event "GER-ch U25 op-A"]
[Site "Willingen"]
[Date "2015.05.26"]
[Round "4"]
[White "Wieber, Dominik"]
[Black "Balazs, Balint"]
[Result "0-1"]
[WhiteElo "1778"]
[BlackElo "1890"]
[PlyCount "120"]
[EventDate "2015.05.24"]
[EventType "swiss"]
[EventRounds "9"]
[EventCountry "GER"]
[SourceTitle "CBM 166 Extra"]
[Source "ChessBase"]
[SourceDate "2015.06.18"]
[SourceVersion "1"]
[SourceVersionDate "2015.06.18"]
[SourceQuality "1"]

1. e4 d5 2. exd5 Qxd5 3. Nc3 Qa5 4. d4 Nf6 5. Bd2 Qb6 6. Nf3 Bg4 7. Be2 c6 8. Na4 Qc7 9. c4 e6 10. h3 Bxf3 11. Bxf3 Nbd7 12. 0-0 Bd6 13. Rc1 0-0 14. d5 exd5 15. cxd5 c5 16. b4 c4 17. Be3 b5 18. Nc5 Rac8 19. Nxd7 Qxd7 20. a3 Rfe8 21. Bd4 Be5 22. Bc5 Bb2 23. Rc2 Bxa3 24. Qa1 Rxc5 25. bxc5 Bxc5 26. Qa5 Bb6 27. Qd2 g6 28. Rd1 Ne4 29. Qf4 Nd6 30. Bg4 f5 31. Be2 Re4 32. Qc1 a5 33. Bf3 Re8 34. g4 Qc7 35. gxf5 Nxf5 36. Kh1 Nd4 37. Rxd4 Bxd4 38. Rd2 Be5 39. d6 Bxd6 40. Bd5+ Kh8 41. Qb2+ Be5 42. Qxb5 Rd8 43. Re2 c3 44. Bb3 Rb8 45. Qd5 Qb7 46. Qxb7 Rxb7 47. Bd5 Rc7 48. Bb3 Rc5 49. Kg2 Kg7 50. Kf3 Kf6 51. Kg4 Rb5 52. Ba2 Rb4+ 53. Kf3 Kf5 54. Kg2 Kf4 55. Bg8 Rb2 56. Rxb2 cxb2 57. Ba2 Ke4 58. Bb1+ Kd4 59. h4 Kc3 60. h5 gxh5 0-1

[Event "GER-ch U25 op-A"]
[Site "Willingen"]
[Date "2015.05.25"]
[Round "3"]
[White "Reisberg, Andre"]
[Black "Wieber, Dominik"]
[Result "1-0"]
[WhiteElo "1992"]
[BlackElo "1778"]
[PlyCount "99"]
[EventDate "2015.05.24"]
[EventType "swiss"]
[EventRounds "9"]
[EventCountry "GER"]
[SourceTitle "CBM 166 Extra"]
[Source "ChessBase"]
[SourceDate "2015.06.18"]
[SourceVersion "1"]
[SourceVersionDate "2015.06.18"]
[SourceQuality "1"]

1. d4 d5 2. c4 c6 3. Nc3 Nf6 4. Nf3 e6 5. Bg5 Bb4 6. Qc2 h6 7. Bh4 Nbd7 8. e3 Qa5 9. Nd2 g5 10. Bg3 Ne4 11. Ndxe4 dxe4 12. h4 g4 13. a3 f5 14. Rc1 Bxc3+ 15. Qxc3 Qxc3+ 16. Rxc3 Ke7 17. Be2 h5 18. 0-0 b6 19. Rd1 Ba6 20. b4 Rac8 21. Rdc1 c5 22. Rd1 Rhd8 23. Bf4 Nf6 24. Rcc1 Rd7 25. g3 Rcd8 26. Be5 Rc8 27. dxc5 Rxd1+ 28. Rxd1 Nd7 29. Bd6+ Ke8 30. b5 bxc5 31. bxa6 e5 32. Rd5 Rc6 33. Bxe5 Rxa6 34. Bb2 Rb6 35. Rd2 Rb3 36. Bd1 Rb7 37. Ba4 Ke7 38. Rxd7+ Rxd7 39. Bxd7 Kxd7 40. Bc3 Kc6 41. Ba5 Kb7 42. Kf1 Ka6 43. Bd8 Kb7 44. Ke2 Kc6 45. Kd2 Kd7 46. Ba5 Kc6 47. Kc2 Kb7 48. Kb3 Kc6 49. Ka4 f4 50. gxf4 1-0

[Event "Rheinland Pfalz op 6th"]
[Site "Gau Algesheim"]
[Date "2014.06.22"]
[Round "7"]
[White "Schoen, Ralf"]
[Black "Wieber, Dominik"]
[Result "1/2-1/2"]
[WhiteElo "2170"]
[BlackElo "1845"]
[PlyCount "49"]
[EventDate "2014.06.19"]
[EventType "swiss"]
[EventRounds "7"]
[EventCountry "GER"]
[SourceTitle "CBM 161 Extra"]
[Source "ChessBase"]
[SourceDate "2014.08.29"]
[SourceVersion "1"]
[SourceVersionDate "2014.08.29"]
[SourceQuality "1"]

1. Nf3 d5 2. g3 Nf6 3. Bg2 e6 4. 0-0 Bd6 5. d3 c5 6. Nbd2 Nc6 7. e4 0-0 8. Re1 dxe4 9. dxe4 e5 10. Nc4 Bc7 11. Qxd8 Rxd8 12. Bg5 Be6 13. Bxf6 gxf6 14. Ne3 Nd4 15. Nh4 Rd7 16. Bf1 a6 17. Kg2 Rad8 18. Rec1 b5 19. c3 Nc6 20. Nf3 Ne7 21. a4 c4 22. axb5 axb5 23. Ra6 Kf8 24. Rb1 Rd6 25. Rxd6 1/2-1/2

[Event "Rheinland Pfalz op 6th"]
[Site "Gau Algesheim"]
[Date "2014.06.19"]
[Round "2"]
[White "Wieber, Dominik"]
[Black "Haenssel, Christian"]
[Result "0-1"]
[WhiteElo "1845"]
[BlackElo "2034"]
[PlyCount "42"]
[EventDate "2014.06.19"]
[EventType "swiss"]
[EventRounds "7"]
[EventCountry "GER"]
[SourceTitle "CBM 161 Extra"]
[Source "ChessBase"]
[SourceDate "2014.08.29"]
[SourceVersion "1"]
[SourceVersionDate "2014.08.29"]
[SourceQuality "1"]

1. e4 d6 2. d4 Nf6 3. Bd3 e5 4. c3 Nc6 5. Be3 d5 6. f3 dxe4 7. fxe4 Ng4 8. Qf3 Nxe3 9. Qxe3 exd4 10. Qf3 Qg5 11. Ne2 Ne5 12. Bb5+ c6 13. Qf2 cxb5 14. Qxd4 Bc5 15. Qd5 Be6 16. Qxb7 0-0 17. Qxb5 Bc4 18. Qa4 Qe3 19. Qc2 Nd3+ 20. Kd1 Nf2+ 21. Ke1 Bxe2 0-1

[Event "Magdeburg op-A"]
[Site "Magdeburg"]
[Date "2014.06.13"]
[Round "8"]
[White "Wieber, Dominik"]
[Black "Peters, Florian"]
[Result "1-0"]
[WhiteElo "1808"]
[BlackElo "1694"]
[PlyCount "97"]
[EventDate "2014.06.08"]
[EventType "swiss"]
[EventRounds "9"]
[EventCountry "GER"]
[SourceTitle "CBM 160 Extra"]
[Source "ChessBase"]
[SourceDate "2014.07.01"]
[SourceVersion "1"]
[SourceVersionDate "2014.07.01"]
[SourceQuality "1"]

1. e4 c5 2. Nf3 a6 3. c3 e6 4. d4 d5 5. exd5 exd5 6. Be3 c4 7. g3 Nf6 8. Bg2 Be7 9. Qc2 Nc6 10. Nbd2 0-0 11. h3 h6 12. Ne5 Be6 13. Ndf3 Qc8 14. g4 Ne4 15. Nd2 f5 16. gxf5 Nxd2 17. fxe6 Nxe5 18. dxe5 Nf3+ 19. Bxf3 Rxf3 20. Qg6 Qe8 21. Qg4 Rxe3+ 22. fxe3 Bg5 23. Rf1 Qd8 24. Qd4 Qe8 25. h4 Bd8 26. Qxd5 Bxh4+ 27. Ke2 Qg6 28. e7+ Kh7 29. Rad1 Bxe7 30. Qxb7 Qh5+ 31. Qf3 Qxf3+ 32. Rxf3 Rb8 33. b3 cxb3 34. axb3 Rxb3 35. Rd7 Bh4 36. Rff7 Rb2+ 37. Kf3 Rf2+ 38. Kg4 Rxf7 39. Rxf7 Kg6 40. Ra7 Be1 41. Rxa6+ Kf7 42. c4 g6 43. c5 Bc3 44. Kf4 h5 45. Rf6+ Kg7 46. c6 g5+ 47. Kxg5 Bxe5 48. Re6 Bg3 49. c7 1-0

[Event "Magdeburg op-A"]
[Site "Magdeburg"]
[Date "2014.06.10"]
[Round "5"]
[White "Wieber, Dominik"]
[Black "Reisberg, Andre"]
[Result "1/2-1/2"]
[WhiteElo "1808"]
[BlackElo "1993"]
[PlyCount "40"]
[EventDate "2014.06.08"]
[EventType "swiss"]
[EventRounds "9"]
[EventCountry "GER"]
[SourceTitle "CBM 160 Extra"]
[Source "ChessBase"]
[SourceDate "2014.07.01"]
[SourceVersion "1"]
[SourceVersionDate "2014.07.01"]
[SourceQuality "1"]

1. e4 e6 2. d4 d5 3. exd5 exd5 4. Bd3 Bd6 5. Ne2 c6 6. Bf4 Bxf4 7. Nxf4 Qe7+ 8. Qe2 Bg4 9. f3 Qxe2+ 10. Nxe2 Bh5 11. Nd2 Bg6 12. Nf4 Nf6 13. Bxg6 hxg6 14. Kf2 0-0 15. Rhe1 Nbd7 16. Nd3 Rfe8 17. Rxe8+ Rxe8 18. Re1 Rxe1 19. Kxe1 Kf8 20. Kf2 Ke7 1/2-1/2

[Event "Magdeburg op-A"]
[Site "Magdeburg"]
[Date "2014.06.08"]
[Round "2"]
[White "Wieber, Dominik"]
[Black "Rietze, Clemens"]
[Result "0-1"]
[WhiteElo "1808"]
[BlackElo "2220"]
[PlyCount "52"]
[EventDate "2014.06.08"]
[EventType "swiss"]
[EventRounds "9"]
[EventCountry "GER"]
[SourceTitle "CBM 160 Extra"]
[Source "ChessBase"]
[SourceDate "2014.07.01"]
[SourceVersion "1"]
[SourceVersionDate "2014.07.01"]
[SourceQuality "1"]

1. e4 e5 2. Nf3 Nc6 3. Bb5 a6 4. Bxc6 dxc6 5. d3 f6 6. Be3 Bg4 7. Nbd2 c5 8. Nb3 b6 9. c3 Ne7 10. d4 cxd4 11. cxd4 exd4 12. Nbxd4 c5 13. Nc2 Nc6 14. Qxd8+ Rxd8 15. Nd2 Ne5 16. f3 Be6 17. 0-0 Kf7 18. b3 Be7 19. Rfd1 Rd3 20. Kf2 Rc3 21. Ne1 Rd8 22. Nf1 Nd3+ 23. Nxd3 Rcxd3 24. Ke2 R3d7 25. Rxd7 Bxd7 26. Rd1 Bb5+ 0-1

[Event "Rheinland Pfalz op 3rd"]
[Site "Gau Algesheim"]
[Date "2011.08.01"]
[Round "6"]
[White "Foerster, Erik"]
[Black "Wieber, Dominik"]
[Result "1-0"]
[WhiteElo "1818"]
[BlackElo "1617"]
[PlyCount "41"]
[EventDate "2011.07.28"]
[EventType "swiss"]
[EventRounds "7"]
[EventCountry "GER"]
[SourceTitle "EXT 2013"]
[Source "ChessBase"]
[SourceDate "2012.11.22"]
[SourceVersion "1"]
[SourceVersionDate "2012.11.22"]
[SourceQuality "1"]

1. d4 d5 2. c4 c6 3. Nf3 Nf6 4. Qc2 g6 5. Bf4 Bf5 6. Qb3 Qb6 7. c5 Qxb3 8. axb3 Nbd7 9. b4 Bg7 10. Nc3 Ne4 11. e3 f6 12. b5 e5 13. bxc6 bxc6 14. Bg3 Nxg3 15. hxg3 0-0 16. b4 Rfb8 17. b5 cxb5 18. Bxb5 Rxb5 19. Nxb5 e4 20. Nd2 a6 21. Nc7 1-0

[Event "Rheinland Pfalz op 3rd"]
[Site "Gau Algesheim"]
[Date "2011.08.01"]
[Round "5"]
[White "Wieber, Dominik"]
[Black "Scheffler, Juergen"]
[Result "1-0"]
[WhiteElo "1617"]
[BlackElo "1146"]
[PlyCount "83"]
[EventDate "2011.07.28"]
[EventType "swiss"]
[EventRounds "7"]
[EventCountry "GER"]
[SourceTitle "EXT 2013"]
[Source "ChessBase"]
[SourceDate "2012.11.22"]
[SourceVersion "1"]
[SourceVersionDate "2012.11.22"]
[SourceQuality "1"]

1. e4 c5 2. Nf3 d6 3. c3 Nf6 4. d3 b6 5. Be3 Bb7 6. Nbd2 e6 7. Be2 Be7 8. 0-0 Nbd7 9. Rc1 Rc8 10. b4 cxb4 11. cxb4 0-0 12. Nb3 Rc7 13. Rxc7 Qxc7 14. Qd2 Rc8 15. Rc1 Qb8 16. a3 d5 17. Rxc8+ Bxc8 18. Qc2 Bb7 19. Nfd2 Bd6 20. h3 Qf8 21. f4 dxe4 22. dxe4 Bb8 23. Bb5 Qd8 24. Kf2 Nf8 25. g3 Bc7 26. e5 Nd5 27. Nd4 Ng6 28. Bc6 Qb8 29. Ne4 Nxe3 30. Kxe3 Ne7 31. b5 Nd5+ 32. Kf2 a6 33. Bxb7 Qxb7 34. Nd6 Qa8 35. bxa6 Qxa6 36. Qc6 Bxd6 37. exd6 g6 38. d7 Qxa3 39. d8Q+ Kg7 40. Nxe6+ fxe6 41. Qcd7+ Kh6 42. Qg5# 1-0